Central Library OPAC University of Rajshahi
Normal view MARC view

Entry Topical Term

Number of records used in: 2

001 - CONTROL NUMBER

  • control field: 12442

003 - CONTROL NUMBER IDENTIFIER

  • control field: BD-RjUL

005 - DATE AND TIME OF LATEST TRANSACTION

  • control field: 20240320115824.0

008 - FIXED-LENGTH DATA ELEMENTS

  • fixed length control field: 240320|| aca||aabn | a|a d

040 ## - CATALOGING SOURCE

  • Original cataloging agency: BD-RjUL
  • Transcribing agency: BD-RjUL

150 ## - HEADING--TOPICAL TERM

  • Topical term or geographic name entry element: Education
  • General subdivision: Human Resource Development
  • Geographic subdivision: Bangladesh
  • Geographic subdivision: Rangpur District

670 ## - SOURCE DATA FOUND

  • Source citation: Work cat.: (BD-RjUL)83423: Rahman, Md. Zahedur 1798, The Role of Education in Human Resource Development in Bangladesh :, 2009